000 00350nam a2200133 i 4500
001 bg
100 1 _aTRYBUS, Leszek
245 0 _aRegulacja optymalna liniowych symetrycznych systemów hiperbolicznych /
_cLeszek Trybus.
260 _aRzeszów,
_c1980.
040 _cBPK
041 _apol
942 _cKS
008 s pl f |000 0 pol
999 _c19301
_d19301
856 _uhttp://koha.tu.koszalin.pl/cgi-bin/koha/opac-detail.pl?biblionumber=19301
_yKatalog online BPK